100 самых популярных женских имен - Statistics

General Stats
  • This quiz has been taken 6 357 times
  • The average score is 50 of 100
Answer Stats
Имя % Correct
3 Мария
93%
2 Анна
92%
1 Анастасия
91%
7 Ирина
88%
4 Елена
87%
22 Александра
87%
5 Дарья
85%
8 Екатерина
82%
11 Ольга
82%
25 София
81%
15 Виктория
81%
13 Татьяна
80%
6 Алина
78%
16 Елизавета
78%
45 Евгения
77%
10 Полина
77%
12 Юлия
76%
14 Наталья
76%
26 Марина
74%
27 Светлана
73%
29 Софья
73%
17 Ксения
72%
9 Арина
71%
21 Валерия
70%
44 Надежда
70%
52 Галина
70%
60 Любовь
69%
31 Яна
67%
23 Ульяна
66%
24 Кристина
66%
50 Вера
66%
38 Карина
65%
19 Вероника
64%
54 Валентина
64%
30 Диана
61%
34 Маргарита
61%
53 Людмила
61%
20 Алиса
59%
28 Варвара
59%
51 Мирослава
59%
18 Милана
57%
32 Кира
56%
33 Ангелина
56%
35 Ева
55%
42 Оксана
54%
55 Нина
52%
39 Василиса
50%
100 Жанна
48%
40 Олеся
47%
37 Дарина
45%
61 Лариса
45%
63 Инна
45%
68 Ярослава
44%
71 Алла
44%
77 Анжелика
44%
36 Алёна
44%
93 Наташа
44%
82 Тамара
43%
73 Лидия
42%
91 Ника
41%
59 Лилия
40%
46 Элина
40%
49 Милена
39%
67 Эльвира
39%
43 Таисия
38%
90 Антонина
38%
79 Влада
37%
47 Злата
35%
72 Виолетта
34%
66 Амина
33%
57 Камилла
32%
58 Альбина
30%
94 Каролина
30%
75 Наталия
29%
95 Снежана
29%
62 Эвелина
28%
86 Зарина
27%
88 Владислава
27%
48 Есения
26%
70 Регина
26%
76 Марьяна
26%
41 Аделина
25%
56 Эмилия
24%
80 Виталина
23%
81 Майя
23%
64 Агата
22%
65 Амелия
21%
69 Стефания
21%
92 Мадина
21%
84 Лиана
20%
96 Юлиана
20%
78 Нелли
19%
85 Василина
18%
74 Амалия
17%
89 Самира
17%
97 Ариана
16%
87 Алия
15%
99 Ясмина
15%
98 Эльмира
14%
83 Мелания
12%
No matching quizzes found
Score Distribution
Percent of People with Each Score
Percentile by Number Answered
Your Score History
You have not taken this quiz